Top 100 Baby Names for Girls in 1880 (USA) - Statistics

General Stats
  • This quiz has been taken 66 times
  • The average score is 44 of 100
Answer Stats
Hint Answer % Correct
M Mary
98%
A Anna
94%
E Eliza
91%
E Elizabeth
91%
M Margaret
85%
C Catherine
81%
K Katherine
81%
F Frances
79%
E Emma
77%
R Rose
77%
A Alice
74%
E Emily
74%
J Jane
74%
H Helen
72%
R Ruth
72%
S Sarah
72%
G Grace
70%
H Hannah
70%
L Laura
70%
R Rebecca
70%
F Florence
68%
M Martha
68%
S Susan
68%
C Caroline
66%
E Edith
66%
E Ellen
66%
M Marie
66%
A Annie
62%
E Eva
62%
R Rosa
62%
L Lucy
60%
N Nancy
60%
C Charlotte
58%
E Edna
58%
L Lillie
58%
E Ella
57%
L Louise
57%
M Mollie
57%
H Harriet
55%
J Julia
55%
J Josephine
53%
L Lillian
53%
O Olive
53%
A Amelia
49%
C Clara
47%
E Ethel
47%
N Nora
47%
K Kate
45%
A Ada
43%
D Daisy
43%
S Sallie
43%
G Georgia
42%
M Mae
42%
M May
42%
B Bertha
40%
K Katie
40%
M Maggie
38%
N Nellie
38%
V Virginia
38%
A Amanda
36%
F Flora
36%
A Agnes
34%
E Elsie
34%
D Dora
32%
G Gertrude
32%
I Ida
32%
L Lydia
32%
S Sadie
32%
M Mabel
30%
C Cora
28%
V Viola
28%
H Hattie
26%
J Jessie
26%
M Minnie
25%
S Stella
25%
J Jennie
23%
P Pearl
23%
C Carrie
21%
F Fannie
21%
M Maud
21%
M Maude
21%
B Bessie
19%
L Lena
19%
A Alma
17%
B Belle
17%
L Lottie
17%
E Etta
9%
M Mamie
9%
S Susie
9%
E Effie
8%
L Lizzie
8%
M Myrtle
8%
A Addie
6%
B Blanche
6%
D Della
6%
M Mattie
6%
L Lula
4%
N Nannie
4%
N Nettie
4%
L Lulu
2%
No matching quizzes found
Score Distribution
Percent of People with Each Score
Percentile by Number Answered
Your Score History
You have not taken this quiz